| 000 | 00429nam a22001817a 4500 | ||
|---|---|---|---|
| 003 | CEME | ||
| 005 | 20210628203637.0 | ||
| 008 | 210318b xxu||||| |||| 00| 0 eng d | ||
| 020 | _a0-02-946216-9 | ||
| 040 | _c. | ||
| 082 | _a621.381537 BOY'I | ||
| 100 |
_aBoylestad, R. L _966671 |
||
| 245 | _aIntroductory circuit analysis | ||
| 250 | _a6TH | ||
| 260 |
_aNEWYORK _bMACMILLAN _c1990 |
||
| 300 | _a1103P | ||
| 942 |
_cBK _2ddc |
||
| 999 |
_c574604 _d574604 |
||